| 000 | 00593nam a2200217 a 4500 | ||
|---|---|---|---|
| 001 | BRCA_7230 | ||
| 005 | 20190320205747.0 | ||
| 008 | 180112s1933----gw-a######---#000-0#ger-# | ||
| 041 | _ager | ||
| 044 | _agw | ||
| 050 | 4 |
_aNB566 _b.P56 1933 |
|
| 100 | 1 |
_aPinder, Wilhelm _d1878-1947 _917912 |
|
| 245 | 1 | 0 |
_aDeutsche Barock plastik _cWilhelm Pinder. |
| 260 |
_aKonigstein, Alemania _bK. R. Langewiesche _c1933 |
||
| 300 |
_a112 p. _bil., 91 láminas _c26 cm. |
||
| 500 | _aP135 | ||
| 650 | 1 | 4 |
_aEscultura barroca _97867 |
| 650 | 1 | 4 |
_aEscultura alemana _910304 |
| 902 | _aGFM | ||
| 942 |
_2lcc _cB |
||
| 999 |
_c6911 _d6911 |
||